000 00499cam a2200157 4500500
005 20260329015448.0
041 _afre
042 _adc
100 1 0 _aCombes, Christèle
_eauthor
700 1 0 _aRey, Christian
_eauthor
245 0 0 _aBiomaterials based on calcium phosphates
260 _c2026.
500 _a60
786 0 _nGlasses and ceramics | - | 2026-03-05 | p. 16-16
856 4 1 _uhttps://stm.cairn.info/ceramics-applications--bdti42695210-n4950-page-16?lang=en&redirect-ssocas=7080
999 _c1898146
_d1898146